| 000 | 00789nam a22002297a 4500 | ||
|---|---|---|---|
| 999 |
_c8572 _d8572 |
||
| 003 | AR-CdUCM | ||
| 008 | 190325b ||||| |||| 00| 0 spa d | ||
| 020 | _a84-205-0597-8 | ||
| 040 |
_aMUNICIPALIDAD PROVINCIAL DEL CUSCO _cBIBLIOTECA MUNICIPAL DEL CUSCO |
||
| 082 |
_a510.9 / _bM26 |
||
| 100 |
_aMartínez Perdiguero, Ignacio _924010 |
||
| 245 | _aProblemas de matemáticas / | ||
| 260 |
_aMadrid : _bAlhambra, _c1978. |
||
| 300 |
_a288 páginas ; _c26 cm. |
||
| 440 |
_aA _n62 _924011 |
||
| 505 | _aContenido : Espacios vectoriales -- Matrices y determinantes -- Sistema de ecuaciones lineales -- El plano -- Ela espacio -- Area y volumenes ... | ||
| 650 |
_aMatemáticas _99398 |
||
| 650 |
_aEcuaciones _919076 |
||
| 650 |
_aFormulas _919258 |
||
| 942 |
_2ddc _cLIBROS |
||
| 945 | _arah | ||